| 000 | 01560cam a2200397 i 4500 | ||
|---|---|---|---|
| 001 | 19401087 | ||
| 003 | OSt | ||
| 005 | 20230926151143.0 | ||
| 008 | 161208r20182008nyua b 001 0 eng | ||
| 010 | _a 2016055238 | ||
| 020 | _a9789353432997 | ||
| 020 | _a9780134689470 (pbk.) | ||
| 020 | _a013468947X (pbk.) | ||
| 040 |
_aDLC _beng _cDLC _erda _dDLC |
||
| 042 | _apcc | ||
| 050 | 0 | 0 |
_aQA184.2 _b.S68 2018 |
| 082 | 0 | 0 |
_a512.5 _bSPE/E |
| 100 | 1 |
_aSpence, Lawrence E. _99619 |
|
| 245 | 1 | 0 |
_aElementary linear algebra : _ba matrix approach / _cLawrence E. Spence, Illinois State University, Arnold J. Insel, Illinois State University, Stephen H. Friedberg, Illinois State University. |
| 250 | _aSecond edition | ||
| 264 | 1 |
_aNew York, NY : _bPearson, _c[2018] |
|
| 300 |
_axviii, 626 pages : _billustrations ; _c26 cm. |
||
| 336 |
_atext _btxt _2rdacontent |
||
| 337 |
_aunmediated _bn _2rdamedia |
||
| 338 |
_avolume _bnc _2rdacarrier |
||
| 490 | 0 | _aPearson modern classic | |
| 500 | _aOriginally published in 2008, reissued as part of Pearson's modern classic series. | ||
| 504 | _aIncludes bibliographical references and index. | ||
| 650 | 0 | _aAlgebras, Linear. | |
| 650 | 0 |
_aAlgebras, Linear _vTextbooks. |
|
| 700 | 1 | _aInsel, Arnold J. | |
| 700 | 1 | _aFriedberg, Stephen H. | |
| 906 |
_a7 _bcbc _corignew _d1 _eecip _f20 _gy-gencatlg |
||
| 942 |
_2ddc _cBK _h512.5 _iSPE/E _k512.5 _mSPE/E |
||
| 999 |
_c42419 _d42419 |
||